| 000 | 01032nam a22003378i 4500 | ||
|---|---|---|---|
| 001 | data | ||
| 005 | 20260322212101.0 | ||
| 007 | data | ||
| 008 | data | ||
| 906 |
_a0 _bibc _corigres _d2 _encip _f20 _gy-gencatlg |
||
| 925 | 0 |
_aacquire _b1 shelf copy _xpolicy default |
|
| 010 | _a 2026349084 | ||
| 016 | 7 |
_a300661132 _2Uk |
|
| 020 |
_a9780190066147 _q(hardback) |
||
| 020 | _a0190066148 | ||
| 040 |
_aDLC _beng _erda |
||
| 082 | 0 | 4 |
_a610 _223 |
| 100 | 1 |
_aFuller, Jonathan, _eauthor. |
|
| 245 | 1 | 4 |
_aThe new modern medicine : _bdisease, evidence, and epidemiological medicine / _cJonathan Fuller. |
| 264 | 1 |
_aNew York : _bOxford University Press, _c[2025] |
|
| 300 |
_a493 pages ; _c25 cm |
||
| 336 |
_atext _2rdacontent |
||
| 337 |
_aunmediated _2rdamedia |
||
| 338 |
_avolume _2rdacarrier |
||
| 650 | 0 | _aMedicine. | |
| 650 | 2 | _aMedicine | |
| 650 | 6 | _aMédecine. | |
| 650 | 7 |
_amedicine (discipline) _2aat |
|
| 650 | 7 |
_aMedicine _2fast |
|
| 999 |
_c1455 _d1455 |
||